000 00626nam a22001937a 4500
005 20131226112212.0
010 _aENG-108877
020 _c850.00
_a9789381839065
035 _aEN-92410
037 _bDBAD/PUB
082 _a658.007
100 _aSwain, Chandrakanta
245 _aInformation need in management education /
_cby Chandrakanta Swain
260 _aNew Delhi
_bAvon Publications
_c2013
270 _a5A-12, Ground Floor, Ansari Road Daryaganj
_bNew Delhi
_e110002
300 _avi,219p.
_c22cm(Hb)
500 _aIncludes bibliographical references and index
942 _2ddc
_cEN
_mSWA
_h658.007
999 _c81254
_d81254